| 000 | 06193nam2a22005291 4500 | ||
|---|---|---|---|
| 001 | RU\NLR\A1\12337 | ||
| 005 | 20260608064347.0 | ||
| 035 | _a(NLR Aleph) 009674793 | ||
| 090 |
_a9677890 _c9677890 |
||
| 100 | _a19970903d1800 u y0rusy50 ca | ||
| 101 | 1 |
_arus _cfre |
|
| 102 | _aRU | ||
| 135 | _acrcn 024anaba | ||
| 140 | _ay y ga yaa0000 | ||
| 200 | 0 | _aЧ.3 | |
| 210 | _d1800 | ||
| 215 | _a358, [2] c. | ||
| 316 |
_aЭкз. РНБ (38.52.5.44(ч.3)) в цельнокожан. пер. Корешок гладкий, с блинтовым тиснением, кожан. наклейками цвета бордо с загл.: "История ордена Св. Иоанна Иерусалимск" и номером части: "3". На крышках пер. рамка из раст. узора золотым тиснением, позолота почти полностью утрачена. На нижней крышке пер. ярлык РНБ, закленный экслибрисом Рус. фонда ГПБ с шифром. Обрез крапчатый красный. Форзац и нахзац из мрамор. бумаги. При переплет. работах после форзаца и перед нахзацем приплетены листы. На листе после форзаца штамп Гос. книжного фонда. Корешок снизу надорван. Размер: 21,2х12,7х2,7 см _5NLR: 38.52.5.44(ч.3) |
||
| 316 |
_aЭкз. РНБ (18.19.6.20(ч.3)) в составном картон. пер., обтянутом темно-зеленой мрамор. бумагой, с темно-зелеными кож. корешком и уголками. Корешок гладкий, с золотым тиснением, золотого тиснения загл.: "История ордена Иерусалимск", и указанием части: "часть 3". Обрез крапчатый коричневый. На нижней крышке пер. экслибрис Рус. фонда ГПБ с шифром. На форзаце ярлык с шифром РНБ. На тит. л. круглый штамп ГПБ и рукоп. помета техн. характера. На с.33, 358 и с.[1] круглый штамп ГПБ _5NLR: 18.19.6.20(ч.3) |
||
| 316 |
_aЭкз. РНБ (РЗФ 18 в. 3/977 (ч.3)) в цельнокожаном корич. пер. Корешок гладкий, с золотым тиснением, с загл.: "История ордена Иоанна Иерусалимскаго", ниже - указание части: "часть III". Крышки пер. украшены рамками блинтового тиснения. На нижней крышке пер. экслибрис РЗФ ГПБ с шифром. При форзаце пометы техн. характера _5NLR: РЗФ 18 в. 3/977 (ч.3) |
||
| 316 |
_aЭкз. РНБ (РЗФ 18 в. 3/977 (ч.3)а) в цельнокожаном корич. пер. Кож. покрытие крышек повреждено. Корешок гладкий, с блинтовым тиснением, с двумя черными кожан. наклейками: верхняя с загл.: "История ордена святаго Иоан Иерусалимск", нижняя овальная с указанием части: "3". На нижней крышке пер. экслибрис РЗФ ГПБ с шифром. На тит. л. прямоугол. штамп "Гос. Публ. Б-ка Дублет", большой круглый штамп ГПБ и пометы техн. характера _5NLR: РЗФ 18 в. 3/977 (ч.3)а |
||
| 317 |
_aВ экз. РНБ (38.52.5.44(ч.3)) на нахзаце шрифтовой ярлык "Антикварная книжная торговля В.И.Клочкова" _5NLR: 38.52.5.44(ч.3) |
||
| 317 |
_aВ экз. РНБ (18.19.6.20(ч.3)) на обороте тит. л. рукоп. владельч. надпись: "Плющевскаго-Плющика" _5NLR: 18.19.6.20(ч.3) |
||
| 317 |
_aВ экз. РНБ (РЗФ 18 в. 3/977 (ч.3)) на тит. л. штамп-экслибрис Главной библиотеки Института корпуса горных инженеров (Богомолов 6180) _5NLR: РЗФ 18 в. 3/977 (ч.3) |
||
| 325 | _aКопия доступна в Электрон. б-ке РНБ | ||
| 461 | 1 |
_1001RU\NLR\A1\12334 _12000#$aИстория Ордена святаго Иоанна Иерусалимскаго.$fНапечатана по высочайшему повелению.$vЧ.3 _1700#1$aЛабзин$bА.Ф.$f1766-1825$gАлександр Федорович$4070 _99677880 _aЛабзин, А. Ф. (1766-1825) _cВ Санктпетербурге _d1799-1801 _fНапечатана по высочайшему повелению _nв Императорской типографии _tИстория Ордена святаго Иоанна Иерусалимскаго. _vЧ.3 |
|
| 702 | 1 |
_4390 _7ca _8rus _aКлочков _bВ. И. _fок.1861-1915 _gВасилий Иванович _3RU\NLR\AUTH\770172651 _9172600 |
|
| 702 | 1 |
_aПлющевский-Плющик _5NLR: 18.19.6.20 (ч.3) _4390 |
|
| 801 | 0 |
_aRU _bNLR _c19970903 |
|
| 852 |
_aNLR _j18.19.6.20(ч.3) |
||
| 852 |
_aNLR _j38.52.5.44(ч.3) |
||
| 852 |
_aNLR _bРЗФ _j18 в. 3/977 (ч.3) |
||
| 852 |
_aNLR _bРЗФ _j18 в. 3/977 (ч.3)а |
||
| 856 | 0 | _uhttps://vivaldi.nlr.ru/bx000018654/view | |
| 856 | 1 | _uhttps://vivaldi.nlr.ru/bx000018654/cover | |
| 856 | 2 | _uhttps://vivaldi.nlr.ru/bx000018654/text | |
| 942 | _cBOOK | ||
| 980 | _aNB | ||
| 980 | 3 | _akpcivil2020 | |
| 980 | 3 | _akp2020 | |
| 980 | 3 | _akp | |
| 980 | _aA1XVIIIv | ||
| 981 | 2 | 0 |
_a(20) Книжные памятники РНБ _b(20) Русский книжный фонд |